[Event "4NCL Online Division 6"]
[Site "online"]
[Date "2020.09.22"]
[Round "3.88"]
[White "Wilson, Michael GA"]
[Black "Blair, Jimmy"]
[Result "1-0"]
[WhiteElo "1675"]
[BlackElo "1420"]
[PlyCount "105"]
[EventDate "2020.09.22"]
[WhiteTeam "Redbridge All Sorts 2"]
[BlackTeam "War & Piece 2"]

1. c4 c5 2. Nf3 d6 3. d4 cxd4 4. Nxd4 Nf6 5. Nc3 g6 6. e4 e5 7. Nc2 Bg7 8. Be2
Nc6 9. O-O O-O 10. f3 a6 11. Kh1 Bd7 12. Qxd6 Re8 13. Qd1 Nh5 14. Nd5 Ne7 15.
Nce3 Be6 16. Qe1 Nxd5 17. cxd5 Bd7 18. Bd2 Nf4 19. Rf2 Nxe2 20. Rxe2 h5 21. Bc3
b5 22. a3 a5 23. Rc2 Qb6 24. Bd2 Bf8 25. Rac1 Rec8 26. Rxc8 Bxc8 27. Rc6 Qd8
28. Qc1 Bd7 29. Rc2 b4 30. axb4 axb4 31. b3 Ra6 32. Rb2 Qa8 33. h3 Qa7 34. Nc4
Ra1 35. Rb1 Rxb1 36. Qxb1 Qf2 37. Qe1 Qa7 38. Nxe5 Bb5 39. Bxb4 Bxb4 40. Qxb4
Be2 41. Qc3 Qf2 42. Nd3 Qf1+ 43. Kh2 Bxd3 44. d6 Bb5 45. Qc8+ Kg7 46. d7 Qd1
47. d8=Q Qxd8 48. Qxd8 Bc6 49. b4 h4 50. Qxh4 f6 51. Qf4 Bb5 52. e5 fxe5 53.
Qxe5+ 1-0

[Event "4NCL Online Division 6"]
[Site "online"]
[Date "2020.10.06"]
[Round "4.11"]
[White "Hookham, Jamie"]
[Black "Murray, Benjamin"]
[Result "1-0"]
[WhiteElo "2029"]
[BlackElo "1709"]
[PlyCount "121"]
[EventDate "2020.10.06"]
[WhiteTeam "Imperial Knightriders"]
[BlackTeam "St Benildus C"]

1. e4 e6 2. d4 d5 3. Nd2 Be7 4. e5 c5 5. c3 Nc6 6. Ndf3 Qb6 7. a3 Bd7 8. b4
cxd4 9. cxd4 Rc8 10. Be2 a6 11. Nh3 Na7 12. O-O Bb5 13. Be3 Bd8 14. Nf4 Ne7 15.
Bxb5+ Nxb5 16. Nd3 Nc3 17. Qb3 Ne4 18. Rac1 Bc7 19. Rc2 O-O 20. Rfc1 Bb8 21.
Nc5 Nxc5 22. dxc5 Qc7 23. Bf4 Nc6 24. a4 Qd8 25. b5 Na5 26. Qd3 Nc4 27. Ng5 g6
28. Qh3 h5 29. Qg3 Kg7 30. Ne4 h4 31. Qc3 dxe4 32. Qxc4 g5 33. Be3 Bxe5 34.
Qxe4 f6 35. Qxb7+ Rf7 36. Qxa6 Rd7 37. Re1 h3 38. Qxe6 hxg2 39. Bxg5 Re7 40.
Qg4 Qh8 41. Rxe5 Rxe5 42. Bf4+ Kf7 43. Bxe5 fxe5 44. Qd7+ Kf6 45. Rc3 e4 46.
Qd4+ Kf7 47. Qxh8 Rxh8 48. Kxg2 Rg8+ 49. Kf1 Ke6 50. c6 Kd6 51. b6 e3 52. fxe3
Rf8+ 53. Ke2 Rh8 54. c7 Rxh2+ 55. Kd3 Rh1 56. c8=Q Rd1+ 57. Ke4 Re1 58. Rc6+
Ke7 59. Re6+ Kf7 60. Qe8+ Kg7 61. Rg6+ 1-0

[Event "4NCL Online Division 6"]
[Site "online"]
[Date "2020.10.06"]
[Round "4.12"]
[White "Willow, David"]
[Black "Porter, Sam J"]
[Result "0-1"]
[WhiteElo "1728"]
[BlackElo "1975"]
[PlyCount "64"]
[EventDate "2020.10.06"]
[WhiteTeam "St Benildus C"]
[BlackTeam "Imperial Knightriders"]

1. e4 e5 2. Nc3 Nf6 3. g3 d5 4. exd5 Nxd5 5. Bg2 Be6 6. d3 Be7 7. Nge2 c5 8.
O-O Nc6 9. Nxd5 Bxd5 10. Nc3 Bxg2 11. Kxg2 Qd7 12. Be3 h5 13. Qf3 h4 14. Qd5
Qf5 15. Qe4 Qd7 16. Qd5 Qc8 17. Rh1 h3+ 18. Kf1 b6 19. a3 O-O 20. Qf3 Nd4 21.
Bxd4 cxd4 22. Nd5 Bg5 23. Qh5 Qd8 24. Nb4 a5 25. Na2 Rc8 26. Qxh3 Rxc2 27. Kg2
Qd5+ 28. Kg1 Qf3 29. Qg2 Qxd3 30. Qf1 Qf3 31. Nc1 e4 32. Nb3 Qxb3 0-1

[Event "4NCL Online Division 6"]
[Site "online"]
[Date "2020.10.06"]
[Round "4.13"]
[White "Barron, Luke J"]
[Black "Kenny, William"]
[Result "1-0"]
[WhiteElo "1927"]
[BlackElo "1719"]
[PlyCount "41"]
[EventDate "2020.10.06"]
[WhiteTeam "Imperial Knightriders"]
[BlackTeam "St Benildus C"]

1. c4 e6 2. e4 c5 3. Nc3 Nc6 4. g3 Nge7 5. Bg2 Nd4 6. d3 Nec6 7. Nge2 Be7 8.
Nxd4 cxd4 9. Ne2 e5 10. O-O h5 11. h3 d6 12. a3 a5 13. Bd2 O-O 14. Kh2 f5 15.
Ng1 h4 16. exf5 Bxf5 17. Bd5+ Kh8 18. Qh5+ Bh7 19. Be4 hxg3+ 20. fxg3 Rxf1 21.
Qxh7# 1-0

[Event "4NCL Online Division 6"]
[Site "online"]
[Date "2020.10.06"]
[Round "4.14"]
[White "Putar, Slavko"]
[Black "Porter, James D"]
[Result "1-0"]
[WhiteElo "1676"]
[BlackElo "1749"]
[PlyCount "65"]
[EventDate "2020.10.06"]
[WhiteTeam "St Benildus C"]
[BlackTeam "Imperial Knightriders"]

1. e4 e5 2. Nf3 Nf6 3. Nc3 Nc6 4. Bb5 Bc5 5. O-O d6 6. d4 Bxd4 7. Nxd4 exd4 8.
Qxd4 Bd7 9. Bxc6 Bxc6 10. Bg5 h6 11. Bh4 O-O 12. b4 a6 13. a4 b5 14. axb5 axb5
15. Rxa8 Qxa8 16. Bxf6 gxf6 17. Qxf6 Bxe4 18. Qxh6 Bxc2 19. Qg5+ Kh8 20. Nd5
Rg8 21. Qh6+ Bh7 22. Nf4 Qc8 23. Qf6+ Rg7 24. Nh5 Qg4 25. Qxg7+ Qxg7 26. Nxg7
Kxg7 27. Rc1 Kf6 28. Rxc7 Ke6 29. f3 d5 30. Kf2 d4 31. Ke2 Bc2 32. Rc5 Ba4 33.
Kd3 1-0

[Event "4NCL Online Division 6"]
[Site "online"]
[Date "2020.10.06"]
[Round "4.21"]
[White "Sarpotdar, Amogh"]
[Black "Gregory, Sam"]
[Result "0-1"]
[WhiteElo "2020"]
[BlackElo "1861"]
[PlyCount "72"]
[EventDate "2020.10.06"]
[WhiteTeam "Stroud Middles"]
[BlackTeam "Dundee City B"]

1. e4 c6 2. d4 d5 3. exd5 cxd5 4. c4 Nf6 5. Nc3 Nc6 6. Bg5 Be6 7. c5 g6 8. Bxf6
exf6 9. Bb5 Bg7 10. Nge2 O-O 11. O-O f5 12. a3 Qf6 13. Bxc6 bxc6 14. Qd2 f4 15.
Rfd1 f3 16. Ng3 fxg2 17. Nce2 Bg4 18. Qd3 h5 19. Kxg2 h4 20. Nf1 Rfe8 21. f3
Bh5 22. b4 Re7 23. a4 Rae8 24. Ng1 Bh6 25. Ra3 h3+ 26. Kf2 Qh4+ 27. Ng3 f5 28.
Kf1 Re3 29. Qa6 Rxa3 30. Qxc6 Rae3 31. Qxd5+ Kh8 32. c6 Bf4 33. Kf2 Bxg3+ 34.
hxg3 h2 35. gxh4 h1=Q 36. Qd6 Rxf3+ 0-1

[Event "4NCL Online Division 6"]
[Site "online"]
[Date "2020.10.06"]
[Round "4.22"]
[White "Borwell, Alan P"]
[Black "Killey, Ainsley"]
[Result "1-0"]
[WhiteElo "1934"]
[BlackElo "1577"]
[PlyCount "51"]
[EventDate "2020.10.06"]
[WhiteTeam "Dundee City B"]
[BlackTeam "Stroud Middles"]

1. e4 c5 2. Nf3 e6 3. d4 cxd4 4. Nxd4 Nf6 5. Nc3 d6 6. g3 Be7 7. Bg2 Nbd7 8.
O-O O-O 9. h3 a6 10. Be3 Nb6 11. Qd3 Qc7 12. Rad1 Rd8 13. f4 e5 14. Nde2 Nc4
15. Bc1 b5 16. b3 Nb6 17. Nd5 Nbxd5 18. exd5 Bb7 19. f5 Rac8 20. c3 h6 21. g4
Nh7 22. Qg3 Bg5 23. Bxg5 hxg5 24. f6 Nxf6 25. Rf5 Qc6 26. dxc6 1-0

[Event "4NCL Online Division 6"]
[Site "online"]
[Date "2020.10.06"]
[Round "4.23"]
[White "Davis, Cameron"]
[Black "Babin, Andre"]
[Result "1-0"]
[WhiteElo "1487"]
[BlackElo "1833"]
[PlyCount "87"]
[EventDate "2020.10.06"]
[WhiteTeam "Stroud Middles"]
[BlackTeam "Dundee City B"]

1. d4 e6 2. c4 f5 3. Nc3 Nf6 4. Nf3 Bb4 5. g3 O-O 6. Bg2 Qe8 7. Bd2 d6 8. O-O
Bxc3 9. Bxc3 Ne4 10. Rc1 Nd7 11. Qc2 Nxc3 12. Qxc3 e5 13. dxe5 dxe5 14. e4 f4
15. Rfd1 c6 16. Rd6 g5 17. b4 g4 18. Nh4 Nf6 19. c5 Qe7 20. Rcd1 Kh8 21. Qd2
Be6 22. gxf4 exf4 23. Qxf4 Rae8 24. Qh6 Qg7 25. Qd2 Nh5 26. Nf5 Bxf5 27. exf5
Rxf5 28. Rd7 Rf7 29. Re1 Rxe1+ 30. Qxe1 Qf6 31. Rxf7 Qxf7 32. Qe5+ Nf6 33. Qb8+
Kg7 34. Qxa7 Nh5 35. b5 Nf4 36. bxc6 Qc4 37. Qxb7+ Kh6 38. Qb2 Nxg2 39. Qf6+
Kh5 40. Qf5+ Kh6 41. Kxg2 g3 42. Qh3+ Kg7 43. Qxg3+ Kf7 44. Qb3 1-0

[Event "4NCL Online Division 6"]
[Site "online"]
[Date "2020.10.06"]
[Round "4.24"]
[White "Dawson, Euan"]
[Black "Sarpotdar, Angad"]
[Result "1/2-1/2"]
[WhiteElo "1816"]
[BlackElo "1450"]
[PlyCount "73"]
[EventDate "2020.10.06"]
[WhiteTeam "Dundee City B"]
[BlackTeam "Stroud Middles"]

1. e4 e5 2. Nc3 Nf6 3. g3 Nc6 4. Bg2 Bc5 5. Nge2 O-O 6. O-O d6 7. h3 Be6 8. Nd5
Bxd5 9. exd5 Ne7 10. d4 exd4 11. Bg5 Ng6 12. Nxd4 h6 13. Be3 Qd7 14. c4 Ne5 15.
Qc2 Rfe8 16. Rab1 a5 17. Nf5 b6 18. Bxc5 bxc5 19. f4 Ng6 20. Rfe1 a4 21. Bf1
Rab8 22. Bd3 Rb7 23. Kh2 Reb8 24. Qc3 Kf8 25. Nxh6 Ne7 26. g4 Re8 27. Nf5 Ng6
28. Rxe8+ Qxe8 29. Re1 Qd7 30. Kg3 Rb8 31. Nxg7 Kxg7 32. g5 Qd8 33. gxf6+ Qxf6
34. Qxf6+ Kxf6 35. Bxg6 fxg6 36. Re2 Kf5 37. Kf3 1/2-1/2

[Event "4NCL Online Division 6"]
[Site "online"]
[Date "2020.10.06"]
[Round "4.31"]
[White "Kriman, Salim"]
[Black "Sweeney, Ronan"]
[Result "1-0"]
[WhiteElo "1997"]
[BlackElo "1728"]
[PlyCount "43"]
[EventDate "2020.10.06"]
[WhiteTeam "Hackney Hackers"]
[BlackTeam "St Benildus D"]

1. d4 d5 2. c4 dxc4 3. Nc3 a6 4. e4 b5 5. a4 b4 6. Nce2 Nf6 7. Ng3 Bb7 8. Bxc4
Nxe4 9. Qf3 Nd6 10. Bxf7+ Nxf7 11. Qxb7 Nd7 12. Nf3 Nd6 13. Qxb4 Rb8 14. Qc3
Nf6 15. Ne5 Nde4 16. Qc6+ Nd7 17. Nxe4 Rb6 18. Qxd7+ Qxd7 19. Nxd7 Kxd7 20. O-O
g6 21. a5 Rb4 22. Nc5+ 1-0

[Event "4NCL Online Division 6"]
[Site "online"]
[Date "2020.10.06"]
[Round "4.32"]
[White "Kashanin, Daniil"]
[Black "Levy, Christopher A"]
[Result "0-1"]
[WhiteElo "1359"]
[BlackElo "1870"]
[PlyCount "50"]
[EventDate "2020.10.06"]
[WhiteTeam "St Benildus D"]
[BlackTeam "Hackney Hackers"]

1. e4 c5 2. Nf3 Nc6 3. d4 cxd4 4. Nxd4 Nf6 5. Nc3 e5 6. Ndb5 d6 7. Nd5 Nxd5 8.
exd5 Nb8 9. c4 a6 10. Nc3 Be7 11. Be3 O-O 12. Bd3 f5 13. f3 Nd7 14. Qc2 e4 15.
fxe4 f4 16. Bf2 Ne5 17. Be2 f3 18. gxf3 Nxf3+ 19. Bxf3 Rxf3 20. Qe2 Rxf2 21.
Kxf2 Bh4+ 22. Kg1 Qg5+ 23. Qg2 Qe3+ 24. Kf1 Bh3 25. Rg1 Rf8# 0-1

[Event "4NCL Online Division 6"]
[Site "online"]
[Date "2020.10.06"]
[Round "4.33"]
[White "Figueroa, Edison"]
[Black "Cooney, Thomas"]
[Result "1-0"]
[WhiteElo "1862"]
[BlackElo "1207"]
[PlyCount "61"]
[EventDate "2020.10.06"]
[WhiteTeam "Hackney Hackers"]
[BlackTeam "St Benildus D"]

1. e4 e6 2. Nf3 d5 3. e5 c5 4. b4 Qb6 5. bxc5 Bxc5 6. d4 Be7 7. Bd3 Nc6 8. c3
Bd7 9. O-O Bd8 10. Ba3 Nge7 11. Nbd2 O-O 12. Bxh7+ Kh8 13. Bd3 g6 14. Ng5 Kg7
15. Qf3 Qa5 16. Bb2 Nf5 17. Nb3 Qc7 18. Bxf5 Bxg5 19. Bd3 Be7 20. Qg3 Rh8 21.
f4 Bh4 22. Qg4 Rh5 23. Nc5 Rah8 24. h3 Be7 25. Nxd7 Qxd7 26. Rf3 Rh4 27. Qg3
Qc7 28. f5 exf5 29. Rxf5 Qb6 30. Rxf7+ Kh6 31. Qxg6# 1-0

[Event "4NCL Online Division 6"]
[Site "online"]
[Date "2020.10.06"]
[Round "4.34"]
[White "Kashanin, Dimitry"]
[Black "Reilly, Gerhard"]
[Result "0-1"]
[WhiteElo "948"]
[BlackElo "1787"]
[PlyCount "128"]
[EventDate "2020.10.06"]
[WhiteTeam "St Benildus D"]
[BlackTeam "Hackney Hackers"]

1. e4 c5 2. Nf3 d6 3. d4 cxd4 4. Nxd4 a6 5. Nc3 Nf6 6. Be3 e5 7. Nf3 Be6 8. Be2
Be7 9. h3 b5 10. a3 Nbd7 11. Nd5 Nxe4 12. Nxe7 Qxe7 13. Qd3 f5 14. g3 O-O 15.
Nd2 Ndc5 16. Bxc5 Nxc5 17. Qf3 Qf7 18. O-O Rac8 19. b4 Na4 20. Rac1 Rc3 21. Qg2
Rfc8 22. Bd1 Nb2 23. Nf3 Bd5 24. Nxe5 Bxg2 25. Nxf7 Bxf1 26. Nxd6 Bxh3 27. Nxc8
Rxc8 28. Bf3 Rc7 29. Bd5+ Kf8 30. Kh2 Rd7 31. Bc6 Rd6 32. Bxb5 axb5 33. Kxh3
Nc4 34. Ra1 Rd2 35. Kg2 Rxc2 36. a4 bxa4 37. Rxa4 Rb2 38. Kf3 Nb6 39. Ra5 g6
40. Rb5 Nd7 41. Rb7 Ke8 42. b5 h6 43. Kf4 Ke7 44. Ke3 Ke6 45. f3 Rb3+ 46. Ke2
Kd6 47. Ra7 Rxb5 48. Ra6+ Rb6 49. Rxb6+ Nxb6 50. g4 f4 51. Kd3 Ke5 52. Ke2 Nd5
53. Kf2 Kd4 54. Kg2 Ke3 55. g5 hxg5 56. Kh3 Kxf3 57. Kh2 Ke2 58. Kg2 f3+ 59.
Kg1 f2+ 60. Kh2 f1=Q 61. Kg3 Qf4+ 62. Kh3 Qh4+ 63. Kg2 Nf4+ 64. Kg1 Qg3+ 0-1

[Event "4NCL Online Division 6"]
[Site "online"]
[Date "2020.10.06"]
[Round "4.41"]
[White "Wills, Tom"]
[Black "Casinelli, Davide"]
[Result "0-1"]
[WhiteElo "1922"]
[BlackElo "1600"]
[PlyCount "128"]
[EventDate "2020.10.06"]
[WhiteTeam "Chessable White Rose 3"]
[BlackTeam "Cavan Crusaders"]

1. e4 c5 2. Nf3 e6 3. b3 b6 4. Bb2 Bb7 5. Nc3 Nc6 6. d4 cxd4 7. Nxd4 Nf6 8.
Nxc6 Bxc6 9. Bd3 Bb4 10. O-O O-O 11. e5 Bxc3 12. Bxc3 Nd5 13. Bd2 Qh4 14. Re1
Nf4 15. Bxf4 Qxf4 16. g3 Qb4 17. a3 Qc5 18. Qh5 g6 19. Qh4 Qc3 20. Qb4 Qxb4 21.
axb4 a5 22. b5 Bb7 23. Be4 Bxe4 24. Rxe4 f6 25. Rd1 Ra7 26. exf6 Rxf6 27. Rd6
Rb7 28. Red4 Rf7 29. Rd3 Kf8 30. b4 axb4 31. R6d4 d5 32. Re3 Rfe7 33. Rxb4 Rbc7
34. c3 Rc5 35. Kf1 Ke8 36. Ke2 Kd7 37. f4 Kd6 38. c4 Rxc4 39. Rxc4 dxc4 40. Re5
Rc7 41. Kd2 Rc5 42. Re4 Rxb5 43. Kc3 Rc5 44. Rd4+ Kc6 45. Re4 Kd7 46. Rd4+ Ke7
47. Rxc4 Kd6 48. Kd4 Rxc4+ 49. Kxc4 Kc6 50. g4 b5+ 51. Kd4 Kd6 52. h3 h5 53.
gxh5 gxh5 54. h4 Kc6 55. Ke5 b4 56. Kxe6 b3 57. f5 b2 58. f6 b1=Q 59. Ke7 Qe4+
60. Kf8 Qxh4 61. f7 Kd7 62. Kg8 Qg5+ 63. Kf8 Qh6+ 64. Kg8 h4 0-1

[Event "4NCL Online Division 6"]
[Site "online"]
[Date "2020.10.06"]
[Round "4.42"]
[White "Nugent, Brian"]
[Black "Parkhouse, Max"]
[Result "0-1"]
[WhiteElo "1650"]
[BlackElo "1862"]
[PlyCount "70"]
[EventDate "2020.10.06"]
[WhiteTeam "Cavan Crusaders"]
[BlackTeam "Chessable White Rose 3"]

1. e4 e6 2. Bc4 d5 3. exd5 exd5 4. Bb3 Nf6 5. d4 Bd6 6. Bg5 c6 7. Ne2 Bf5 8.
Ng3 Bg6 9. Nd2 Nbd7 10. c4 h6 11. Bh4 Bh7 12. cxd5 g5 13. dxc6 bxc6 14. Nh5
Qe7+ 15. Kf1 gxh4 16. Qf3 O-O 17. Re1 Qd8 18. Nc4 Bb4 19. Re3 Nxh5 20. Qxh5 Qg5
21. Qf3 Rae8 22. Qxc6 Bd3+ 23. Kg1 Be4 24. Qxe4 Rxe4 25. a3 Rxe3 26. fxe3 Qf5
27. axb4 Qb1+ 28. Kf2 Qxh1 29. Nd6 Qxh2 30. Nf5 Nf6 31. Nxh6+ Kh7 32. Nxf7 Rxf7
33. Bxf7 Qg3+ 34. Kf1 Qxe3 35. d5 Ng4 0-1

[Event "4NCL Online Division 6"]
[Site "online"]
[Date "2020.10.06"]
[Round "4.43"]
[White "Posadas, Rayelynn"]
[Black "Flynn-Connolly, Ruairi"]
[Result "1-0"]
[WhiteElo "1915"]
[BlackElo "1675"]
[PlyCount "95"]
[EventDate "2020.10.06"]
[WhiteTeam "Chessable White Rose 3"]
[BlackTeam "Cavan Crusaders"]

1. Nf3 Nc6 2. g3 g6 3. Bg2 Bg7 4. d4 d5 5. O-O Nf6 6. c4 O-O 7. Nc3 dxc4 8. d5
Nb4 9. Ne5 Nfxd5 10. Nxd5 Nxd5 11. Nxf7 Rxf7 12. Bxd5 e6 13. Bxc4 Qe7 14. Qb3
a6 15. Bf4 b5 16. Bd3 Bb7 17. Qc2 e5 18. Be4 Bxe4 19. Qxe4 Rd8 20. Be3 c5 21.
Rfd1 Rff8 22. Qc6 Rc8 23. Qxa6 Qe8 24. a3 e4 25. Rab1 c4 26. Rd6 Rf7 27. Re6
Qd7 28. Rxe4 Rf6 29. Rd4 Qf5 30. Qb7 Qxb1+ 31. Kg2 Qf5 32. Rf4 Rf7 33. Qa6 Qd5+
34. f3 Rxf4 35. Bxf4 Re8 36. e4 Qd7 37. a4 bxa4 38. Qxc4+ Kh8 39. b4 Rc8 40.
Qa2 Qd1 41. Qe6 Rc2+ 42. Kh3 Qf1+ 43. Kg4 Qc4 44. Qe8+ Qg8 45. Qxa4 Rxh2 46.
Qd7 h5+ 47. Kg5 Bf8 48. Be5+ 1-0

[Event "4NCL Online Division 6"]
[Site "online"]
[Date "2020.10.06"]
[Round "4.44"]
[White "Ferguson, John M"]
[Black "Hayes, Solomon"]
[Result "1-0"]
[WhiteElo "1553"]
[BlackElo "1495"]
[PlyCount "31"]
[EventDate "2020.10.06"]
[WhiteTeam "Cavan Crusaders"]
[BlackTeam "Chessable White Rose 3"]

1. e4 c5 2. d4 cxd4 3. Nf3 Nc6 4. c3 dxc3 5. Nxc3 g6 6. Bc4 Bg7 7. Qb3 e6 8.
Nb5 d6 9. O-O Na5 10. Qb4 d5 11. Nd6+ Kd7 12. Nxf7 Qc7 13. Bb5+ Nc6 14. exd5
exd5 15. Re1 a6 16. Qg4# 1-0

[Event "4NCL Online Division 6"]
[Site "online"]
[Date "2020.10.06"]
[Round "4.51"]
[White "Hughes, Mervyn"]
[Black "Povah, Nigel E"]
[Result "0-1"]
[WhiteElo "1952"]
[BlackElo "2282"]
[PlyCount "70"]
[EventDate "2020.10.06"]
[WhiteTeam "Broadland Falco Duboisi"]
[BlackTeam "Guildford Castles"]

1. d4 Nf6 2. Nf3 e6 3. Bf4 c5 4. e3 b6 5. Nc3 a6 6. d5 d6 7. dxe6 fxe6 8. Ng5
e5 9. Bg3 Bb7 10. e4 h6 11. Ne6 Qd7 12. Nd5 Bxd5 13. exd5 Kf7 14. Qf3 Be7 15.
Bd3 g6 16. O-O-O Qa4 17. Rhe1 Qxa2 18. Bxe5 dxe5 19. Qg3 Rg8 20. Qxe5 Ra7 21.
Nf4 g5 22. Qe6+ Kg7 23. Nh5+ Nxh5 24. Qg6+ Kf8 25. Qf5+ Bf6 26. c3 Rf7 27. Bb1
Qa4 28. Re4 Qd7 29. Re6 Ng7 30. Qh3 h5 31. Bg6 Qa4 32. Bxf7 Kxf7 33. Qd3 Nxe6
34. dxe6+ Kg7 35. Qe3 Qf4 0-1

[Event "4NCL Online Division 6"]
[Site "online"]
[Date "2020.10.06"]
[Round "4.52"]
[White "Punnett, Alan K"]
[Black "Payne, David J"]
[Result "1-0"]
[WhiteElo "2102"]
[BlackElo "1856"]
[PlyCount "85"]
[EventDate "2020.10.06"]
[WhiteTeam "Guildford Castles"]
[BlackTeam "Broadland Falco Duboisi"]

1. e4 c5 2. Nf3 Nc6 3. Bb5 g6 4. O-O Bg7 5. Re1 Nd4 6. Bf1 b6 7. c3 Nxf3+ 8.
Qxf3 Bb7 9. d3 Nf6 10. Qh3 O-O 11. Bh6 d6 12. Bxg7 Kxg7 13. Nd2 Qd7 14. Qh4 h6
15. f4 Qg4 16. Qxg4 Nxg4 17. h3 Nf6 18. g4 g5 19. Bg2 e5 20. Nc4 exf4 21. Nxd6
Bc6 22. e5 Nd5 23. Nf5+ Kh8 24. a3 Rac8 25. c4 Ne3 26. Nxe3 fxe3 27. Rxe3 Kg7
28. b4 Rfd8 29. Rf1 Bxg2 30. Kxg2 Rc6 31. Rf5 Re6 32. Kf2 Rd4 33. Ke2 a6 34.
Ref3 Rd7 35. Ke3 Ree7 36. Kd2 Rd4 37. Kc3 Rdd7 38. Rf6 Rb7 39. d4 cxd4+ 40.
Kxd4 Red7+ 41. Rd6 Rbc7 42. Kd5 Re7 43. Rff6 1-0

[Event "4NCL Online Division 6"]
[Site "online"]
[Date "2020.10.06"]
[Round "4.53"]
[White "Lim, Mark"]
[Black "Jones, H Trevor"]
[Result "0-1"]
[WhiteElo "1877"]
[BlackElo "1720"]
[PlyCount "94"]
[EventDate "2020.10.06"]
[WhiteTeam "Broadland Falco Duboisi"]
[BlackTeam "Guildford Castles"]

1. d4 Nf6 2. Nf3 e6 3. e3 Bb4+ 4. c3 Be7 5. Bd3 O-O 6. O-O d5 7. Nbd2 Nbd7 8.
Re1 c5 9. e4 dxe4 10. Nxe4 cxd4 11. cxd4 Nxe4 12. Rxe4 Nf6 13. Rh4 h6 14. Ne5
Nd5 15. Rh3 Bg5 16. Qh5 Bxc1 17. Rg3 Bg5 18. Bh7+ Kxh7 19. Nxf7 Rxf7 20. Qxf7
Nf4 21. Re1 Qe7 22. Qxe7 Bxe7 23. Rb3 b6 24. g3 Nd5 25. Rf3 Bf6 26. Rd1 Ba6 27.
Ra3 Bb7 28. h4 a5 29. Rb3 Rc8 30. a3 Rc4 31. Rbd3 a4 32. Kh2 Kg6 33. Kh3 Kf7
34. f4 h5 35. R1d2 Ne7 36. Rd1 Be4 37. Rc3 Rxc3 38. bxc3 Nd5 39. Rc1 Ne3 40.
Re1 Bf5+ 41. Kh2 Nc4 42. Rd1 Bg4 43. Rb1 Be7 44. Rb5 Bf5 45. d5 Bxa3 46. dxe6+
Kxe6 47. Rb1 Bxb1 0-1

[Event "4NCL Online Division 6"]
[Site "online"]
[Date "2020.10.06"]
[Round "4.54"]
[White "Celebi, Serhan"]
[Black "Badger, Paul"]
[Result "0-1"]
[WhiteElo "1562"]
[BlackElo "1750"]
[PlyCount "22"]
[EventDate "2020.10.06"]
[WhiteTeam "Guildford Castles"]
[BlackTeam "Broadland Falco Duboisi"]

1. e4 d6 2. d4 Nf6 3. Nc3 g6 4. Bc4 Bg7 5. Nge2 O-O 6. Be3 Nbd7 7. Qd2 Ng4 8.
Bg5 c5 9. f3 cxd4 10. Nxd4 Nge5 11. h4 Nxc4 0-1

[Event "4NCL Online Division 6"]
[Site "online"]
[Date "2020.10.06"]
[Round "4.61"]
[White "Kenning, Paul H"]
[Black "Zhang, Zheming"]
[Result "1/2-1/2"]
[WhiteElo "1922"]
[BlackElo "2102"]
[PlyCount "42"]
[EventDate "2020.10.06"]
[WhiteTeam "Anglia Avengers 3"]
[BlackTeam "Forest Hall Juniors"]

1. e4 e6 2. d4 d5 3. Bd3 Nf6 4. e5 Nfd7 5. f4 c5 6. c3 Nc6 7. Nf3 a6 8. O-O b5
9. f5 Nb6 10. fxe6 Bxe6 11. Bc2 cxd4 12. cxd4 Be7 13. Be3 Nc4 14. Bc1 Qb6 15.
Kh1 Nb4 16. Nc3 Nxc2 17. Qxc2 Rc8 18. Qf2 O-O 19. Ne2 f6 20. Qg3 fxe5 21. Bh6
Bf6 1/2-1/2

[Event "4NCL Online Division 6"]
[Site "online"]
[Date "2020.10.06"]
[Round "4.62"]
[White "Fearnhead, Ben"]
[Black "Marshall, Michael"]
[Result "0-1"]
[WhiteElo "1810"]
[BlackElo "1832"]
[PlyCount "50"]
[EventDate "2020.10.06"]
[WhiteTeam "Forest Hall Juniors"]
[BlackTeam "Anglia Avengers 3"]

1. e4 c5 2. d4 cxd4 3. c3 Nf6 4. e5 Nd5 5. Nf3 d6 6. Bc4 Nb6 7. Bb3 Nc6 8. exd6
e6 9. Bg5 Qxd6 10. cxd4 Be7 11. Bxe7 Qxe7 12. O-O O-O 13. Re1 Qd8 14. Nc3 Nb4
15. Ne5 N4d5 16. Qd3 Bd7 17. Bc2 g6 18. Qg3 Be8 19. Re4 f5 20. Rh4 Rc8 21. Qh3
Rc7 22. Nf3 Rg7 23. Ng5 Qxg5 24. Re1 Bd7 25. a4 Nf4 0-1

[Event "4NCL Online Division 6"]
[Site "online"]
[Date "2020.10.06"]
[Round "4.63"]
[White "Stephens, Robert Wynn"]
[Black "French, Morgan"]
[Result "1/2-1/2"]
[WhiteElo "1787"]
[BlackElo "1682"]
[PlyCount "144"]
[EventDate "2020.10.06"]
[WhiteTeam "Anglia Avengers 3"]
[BlackTeam "Forest Hall Juniors"]

1. Nf3 Nf6 2. c4 c6 3. g3 d5 4. Bg2 Bf5 5. b3 e6 6. Bb2 h6 7. O-O Bc5 8. d3 O-O
9. Nbd2 Re8 10. Rc1 Nbd7 11. a3 a5 12. Ne5 Nxe5 13. Bxe5 Bxa3 14. Rc2 Bd6 15.
Nf3 Bxe5 16. Nxe5 dxc4 17. bxc4 Qd6 18. Qa1 Nd7 19. Nxd7 Qxd7 20. Ra2 Qc7 21.
Qc3 b6 22. Rfa1 Ra7 23. c5 b5 24. Rxa5 Rxa5 25. Rxa5 Rb8 26. Qb4 Qb7 27. Ra1
Ra8 28. Rxa8+ Qxa8 29. h3 Qa4 30. Qb1 b4 31. e4 Bg6 32. Bf3 Qb5 33. d4 Qc4 34.
Qb2 Qc3 35. Qe2 b3 36. d5 cxd5 37. exd5 b2 38. dxe6 b1=Q+ 39. Kh2 Qxc5 40. e7
f6 41. e8=Q+ Bxe8 42. Qxe8+ Kh7 43. Be4+ f5 44. Bxb1 Qxf2+ 45. Kh1 Qf1+ 46. Kh2
Qxb1 47. Qe2 Qe4 48. Qa2 f4 49. gxf4 Qxf4+ 50. Kg2 Qe4+ 51. Kh2 Qf4+ 52. Kg2 h5
53. Qc2+ Kh6 54. Qc6+ g6 55. Qc8 Qe4+ 56. Kh2 Qe2+ 57. Kg3 Qe1+ 58. Kg2 Qe5 59.
Qd8 Qg5+ 60. Qxg5+ Kxg5 61. Kg3 h4+ 62. Kf3 Kf5 63. Ke3 g5 64. Kf3 Kg6 65. Ke4
Kf6 66. Ke3 Ke5 67. Kf3 Kf5 68. Ke3 g4 69. hxg4+ Kxg4 70. Kf2 h3 71. Kg1 Kg3
72. Kh1 h2 1/2-1/2

[Event "4NCL Online Division 6"]
[Site "online"]
[Date "2020.10.06"]
[Round "4.64"]
[White "Amoako Philip Selikem Yao"]
[Black "Gu, William"]
[Result "1-0"]
[WhiteElo "1265"]
[BlackElo "1622"]
[PlyCount "85"]
[EventDate "2020.10.06"]
[WhiteTeam "Forest Hall Juniors"]
[BlackTeam "Anglia Avengers 3"]

1. e4 c5 2. Nc3 Nc6 3. g3 e6 4. Bg2 Nf6 5. Nge2 d6 6. O-O Be7 7. d3 O-O 8. h3
Rb8 9. a4 a6 10. f4 d5 11. e5 Ne8 12. Kh2 f6 13. exf6 Nxf6 14. d4 cxd4 15. Nxd4
Qc7 16. f5 Nxd4 17. Qxd4 Bc5 18. Bf4 Bxd4 19. Bxc7 Ra8 20. Bd6 Rd8 21. Be7 Re8
22. Bxf6 Bxf6 23. fxe6 Bxe6 24. Nxd5 Bxd5 25. Bxd5+ Kh8 26. Rf2 Rad8 27. Bxb7
Rb8 28. Bxa6 Rxb2 29. Raf1 h5 30. Bd3 Ra8 31. Re2 Rd8 32. Rfe1 Kg8 33. Re8+
Rxe8 34. Rxe8+ Kf7 35. Re4 Kf8 36. a5 Ra2 37. a6 Be7 38. Kg2 Ke8 39. Rd4 Bf6
40. Rb4 Kd7 41. Rb7+ Kc8 42. Bf5+ Kd8 43. a7 1-0

[Event "4NCL Online Division 6"]
[Site "online"]
[Date "2020.10.06"]
[Round "4.71"]
[White "Willoughby, Christopher"]
[Black "Rudd, David R"]
[Result "0-1"]
[WhiteElo "1742"]
[BlackElo "1735"]
[PlyCount "80"]
[EventDate "2020.10.06"]
[WhiteTeam "Brentwood B"]
[BlackTeam "Hertford 2"]

1. e4 Nf6 2. Nc3 d5 3. e5 d4 4. exf6 dxc3 5. fxe7 cxd2+ 6. Qxd2 Qxd2+ 7. Bxd2
Bxe7 8. Bc4 O-O 9. O-O-O Nc6 10. Ne2 Bf5 11. f3 Rad8 12. g4 Bg6 13. Bc3 Bb4 14.
a3 Bxc3 15. bxc3 Ne5 16. Bd5 c6 17. Be4 Bxe4 18. fxe4 Nxg4 19. Rhg1 Nf6 20. e5
Nd5 21. Rd3 g6 22. Rgd1 Rde8 23. c4 Nb6 24. c5 Na4 25. Re3 Nxc5 26. Nf4 Ne6 27.
Nd3 Rd8 28. Re4 Rd4 29. Rxd4 Nxd4 30. Nc5 Nf3 31. Nxb7 Nxe5 32. Na5 Rc8 33. Re1
f6 34. Rd1 Kf7 35. Kb2 Ke7 36. Kc3 g5 37. Rb1 Rc7 38. Re1 Kf7 39. Kb4 Rd7 40.
c4 Nd3+ 0-1